[Event "Dortmund Sparkassen op-A 46th"]
[Site "Dortmund"]
[Date "2018.07.14"]
[Round "1"]
[White "Boehm, Juergen1111"]
[Black "Puetter, Pascal"]
[Result "1/2-1/2"]
[WhiteElo "2233"]
[BlackElo "2002"]
[PlyCount "55"]
[EventDate "2018.07.14"]
[EventType "swiss"]
[EventRounds "9"]
[EventCountry "GER"]
[SourceTitle "CBM 185 Extra"]
[Source "ChessBase"]
[SourceDate "2018.07.29"]
[SourceVersion "1"]
[SourceVersionDate "2018.07.29"]
[SourceQuality "1"]

1. d4 d5 2. c4 e6 3. Nc3 Nf6 4. Bg5 c6 5. e3 Nbd7 6. Nf3 Bd6 7. Bd3 h6 8. Bh4 b6 9. 0-0 0-0 10. e4 dxe4 11. Nxe4 Be7 12. Qe2 Bb7 13. Ne5 c5 14. Nxf6+ Nxf6 15. dxc5 bxc5 16. Rad1 Qc7 17. Bxf6 Bxf6 18. Nd7 Rfd8 19. Nxf6+ gxf6 20. Qg4+ Kf8 21. Qh4 Ke7 22. f3 Qe5 23. Rfe1 Qg5 24. Qg3 Rd7 25. Qxg5 fxg5 26. Be2 Rad8 27. Rxd7+ Rxd7 28. Kf2 1/2-1/2

[Event "Ruhrgebiet Verbandsklasse Gruppe 1 1718"]
[Site "Germany"]
[Date "2017.09.17"]
[Round "1.1"]
[White "Grosse Frintrop, Gerd"]
[Black "Puetter, Pascal"]
[Result "1-0"]
[WhiteElo "1962"]
[BlackElo "1972"]
[PlyCount "37"]
[EventDate "2017.09.17"]
[EventType "team-tourn"]
[EventRounds "9"]
[EventCountry "GER"]
[SourceTitle "EXT 2022"]
[Source "ChessBase"]
[SourceDate "2021.10.06"]
[SourceVersion "1"]
[SourceVersionDate "2021.10.06"]
[SourceQuality "1"]
[WhiteTeam "Buer SF"]
[BlackTeam "Oberhausen SW"]
[WhiteTeamCountry "GER"]
[BlackTeamCountry "GER"]

1. d4 d5 2. c4 c6 3. cxd5 cxd5 4. Nc3 Nf6 5. Nf3 Nc6 6. Bf4 Bf5 7. e3 e6 8. Bb5 Bb4 9. Ne5 Rc8 10. Qa4 Bxc3+ 11. bxc3 0-0 12. Bxc6 bxc6 13. 0-0 Qb6 14. f3 Qb5 15. Qxa7 c5 16. g4 Bc2 17. dxc5 Rfd8 18. Qxf7+ Kh8 19. Qxe6 1-0

[Event "Ruhrgebiet Verbandsklasse Gruppe 3 1617"]
[Site "Germany"]
[Date "2017.04.30"]
[Round "9.1"]
[White "Puetter, Pascal"]
[Black "Viebahn, Dirk"]
[Result "1/2-1/2"]
[WhiteElo "1955"]
[BlackElo "2123"]
[PlyCount "40"]
[EventDate "2016.09.04"]
[EventType "team-tourn"]
[EventRounds "9"]
[EventCountry "GER"]
[SourceTitle "EXT 2022"]
[Source "ChessBase"]
[SourceDate "2021.10.06"]
[SourceVersion "1"]
[SourceVersionDate "2021.10.06"]
[SourceQuality "1"]
[WhiteTeam "Oberhausen SW"]
[BlackTeam "Muelheim SC"]
[WhiteTeamCountry "GER"]
[BlackTeamCountry "GER"]

1. d4 Nf6 2. c4 g6 3. g3 c6 4. Bg2 d5 5. Nf3 Bg7 6. b3 0-0 7. 0-0 a5 8. Nc3 Ne4 9. Bb2 Nxc3 10. Bxc3 a4 11. Qd2 Nd7 12. cxd5 cxd5 13. Ne5 Nxe5 14. dxe5 e6 15. e4 Qc7 16. exd5 Bxe5 17. Bxe5 Qxe5 18. dxe6 Bxe6 19. Bxb7 Ra7 20. Rae1 Qb8 1/2-1/2

[Event "Ruhrgebiet Verbandsklasse Gruppe 3 1617"]
[Site "Germany"]
[Date "2017.02.19"]
[Round "7.1"]
[White "Puetter, Pascal"]
[Black "Kindermann, Carsten"]
[Result "1-0"]
[WhiteElo "1955"]
[BlackElo "1933"]
[PlyCount "71"]
[EventDate "2016.09.04"]
[EventType "team-tourn"]
[EventRounds "9"]
[EventCountry "GER"]
[SourceTitle "EXT 2022"]
[Source "ChessBase"]
[SourceDate "2021.10.06"]
[SourceVersion "1"]
[SourceVersionDate "2021.10.06"]
[SourceQuality "1"]
[WhiteTeam "Oberhausen SW"]
[BlackTeam "Borbeck Weisse Dame II"]
[WhiteTeamCountry "GER"]
[BlackTeamCountry "GER"]

1. d4 Nf6 2. Nf3 e6 3. g3 b6 4. Bg2 Bb7 5. 0-0 Be7 6. b3 c5 7. Bb2 cxd4 8. Nxd4 Bxg2 9. Kxg2 0-0 10. c4 d5 11. Nd2 dxc4 12. Nxc4 Qd5+ 13. Kg1 Nc6 14. Nxc6 Qxc6 15. Ne5 Qb7 16. e3 Rfd8 17. Qe2 Rac8 18. Rfd1 Qe4 19. Rxd8+ Rxd8 20. Rc1 Qb7 21. Nc6 Re8 22. Nxe7+ Rxe7 23. Bxf6 gxf6 24. Qg4+ Kh8 25. Qd4 Kg7 26. Rd1 Qc7 27. Qg4+ Kh8 28. Qf3 f5 29. Qa8+ Kg7 30. Rd8 Rd7 31. Rg8+ Kf6 32. Qf8 Rd1+ 33. Kg2 Qc1 34. Qg7+ Ke7 35. Qg5+ Kd7 36. Rd8+ 1-0

[Event "Ruhrgebiet Verbandsklasse Gruppe 1 1415"]
[Site "Germany"]
[Date "2015.02.08"]
[Round "6.1"]
[White "Viebahn, Dirk"]
[Black "Puetter, Pascal"]
[Result "1/2-1/2"]
[WhiteElo "2136"]
[BlackElo "1978"]
[PlyCount "56"]
[EventDate "2014.09.21"]
[EventType "team-tourn"]
[EventRounds "9"]
[EventCountry "GER"]
[SourceTitle "EXT 2022"]
[Source "ChessBase"]
[SourceDate "2021.10.06"]
[SourceVersion "1"]
[SourceVersionDate "2021.10.06"]
[SourceQuality "1"]
[WhiteTeam "Muelheim SC"]
[BlackTeam "Oberhausen SW"]
[WhiteTeamCountry "GER"]
[BlackTeamCountry "GER"]

1. e4 e6 2. Qe2 c5 3. Nf3 Nc6 4. g3 Nge7 5. Bg2 g6 6. 0-0 Bg7 7. c3 0-0 8. Na3 d5 9. d3 a6 10. Nc2 Qc7 11. Re1 b6 12. e5 h6 13. h4 b5 14. Bf4 c4 15. d4 a5 16. Qd2 Kh7 17. Ne3 Ng8 18. Ng4 Qe7 19. Ngh2 b4 20. g4 a4 21. h5 a3 22. g5 axb2 23. Qxb2 bxc3 24. Qxc3 Qa3 25. Qxa3 Rxa3 26. Bc1 Ra5 27. hxg6+ fxg6 28. Ng4 h5 1/2-1/2

[Event "NRW Verbandsklasse Group1 1314"]
[Site "Nordrheinwestfalen"]
[Date "2014.03.09"]
[Round "8"]
[White "Puetter, Pascal"]
[Black "Breidenbach, Olaf"]
[Result "1/2-1/2"]
[WhiteElo "1884"]
[BlackElo "1940"]
[PlyCount "25"]
[EventDate "2013.09.08"]
[EventType "team-tourn"]
[EventRounds "9"]
[EventCountry "GER"]
[SourceTitle "EXT 2020"]
[Source "ChessBase"]
[SourceDate "2019.10.17"]
[SourceVersion "1"]
[SourceVersionDate "2019.10.17"]
[SourceQuality "1"]
[WhiteTeam "Oberhausen SW"]
[BlackTeam "Marten Boevinghausen"]
[WhiteTeamCountry "GER"]
[BlackTeamCountry "GER"]

1. d4 d5 2. c4 e6 3. Nf3 c6 4. e3 f5 5. b3 Nf6 6. Nbd2 Bd6 7. Bb2 0-0 8. Ne5 b6 9. Be2 Bb7 10. 0-0 Nbd7 11. Ndf3 Qe7 12. Rc1 Rac8 13. Nxd7 1/2-1/2

[Event "NRW Verbandsklasse Group1 1314"]
[Site "Nordrheinwestfalen"]
[Date "2013.10.13"]
[Round "2"]
[White "Horenburg, Oliver"]
[Black "Puetter, Pascal"]
[Result "0-1"]
[WhiteElo "1817"]
[BlackElo "1884"]
[PlyCount "82"]
[EventDate "2013.09.08"]
[EventType "team-tourn"]
[EventRounds "9"]
[EventCountry "GER"]
[SourceTitle "EXT 2020"]
[Source "ChessBase"]
[SourceDate "2019.10.17"]
[SourceVersion "1"]
[SourceVersionDate "2019.10.17"]
[SourceQuality "1"]
[WhiteTeam "Eichlinghofen SV II"]
[BlackTeam "Oberhausen SW"]
[WhiteTeamCountry "GER"]
[BlackTeamCountry "GER"]

1. e4 e6 2. d4 d5 3. e5 c5 4. c3 Nc6 5. Nf3 Qb6 6. a3 Bd7 7. Be2 Rc8 8. 0-0 cxd4 9. cxd4 Nge7 10. b4 Nf5 11. Bb2 Be7 12. Qd3 0-0 13. Nbd2 a6 14. Nb3 Nb8 15. Nc5 Bb5 16. Qd2 Bxe2 17. Qxe2 a5 18. Qd2 axb4 19. axb4 Rc7 20. Ra4 Rfc8 21. Rfa1 Nc6 22. Ne1 Qb5 23. Bc3 Qc4 24. Nc2 Ncxd4 25. Nxd4 b6 26. b5 Qxc5 27. Nxf5 exf5 28. Bd4 Qxb5 29. g3 Bc5 30. Bxc5 Qxc5 31. Rd4 Rd7 32. Rd1 Rcd8 33. Rc1 Qe7 34. f4 Qe6 35. Qa2 g6 36. Qb3 f6 37. exf6 Qxf6 38. Rb4 Rd6 39. Rc7 Qe6 40. Qb2 d4 41. Rb7 Qe1+ 0-1

[Event "Herne-ch 14th"]
[Site "Herne"]
[Date "2011.03.21"]
[Round "6"]
[White "Klinke, Werner"]
[Black "Puetter, Pascal"]
[Result "1/2-1/2"]
[WhiteElo "1923"]
[BlackElo "1971"]
[PlyCount "25"]
[EventDate "2011.02.07"]
[EventType "swiss"]
[EventRounds "7"]
[EventCountry "GER"]
[SourceTitle "EXT 2014"]
[Source "ChessBase"]
[SourceDate "2013.11.20"]
[SourceVersion "1"]
[SourceVersionDate "2013.11.20"]
[SourceQuality "1"]

1. c4 c5 2. Nc3 Nc6 3. Nf3 Nf6 4. e4 d6 5. d3 g6 6. Be2 Bg7 7. 0-0 0-0 8. Be3 Rb8 9. Qd2 Re8 10. Ne1 a6 11. f4 Ng4 12. Bxg4 Bxg4 13. h3 1/2-1/2

[Event "Herne-ch 14th"]
[Site "Herne"]
[Date "2011.02.22"]
[Round "3"]
[White "Puetter, Pascal"]
[Black "Boecker, Juergen"]
[Result "1-0"]
[WhiteElo "1971"]
[BlackElo "1690"]
[PlyCount "53"]
[EventDate "2011.02.07"]
[EventType "swiss"]
[EventRounds "7"]
[EventCountry "GER"]
[SourceTitle "EXT 2014"]
[Source "ChessBase"]
[SourceDate "2013.11.20"]
[SourceVersion "1"]
[SourceVersionDate "2013.11.20"]
[SourceQuality "1"]

1. Nf3 f5 2. e4 fxe4 3. Ng5 Nf6 4. d3 e3 5. Bxe3 d5 6. d4 Bf5 7. c4 e6 8. Qb3 Nc6 9. c5 Qd7 10. Nf3 Be4 11. Nbd2 a6 12. a3 Be7 13. Rd1 Bxf3 14. Nxf3 0-0 15. Bd3 Ng4 16. 0-0 b6 17. Qc2 Nxe3 18. fxe3 g6 19. cxb6 cxb6 20. Rc1 Rfc8 21. Bxg6 Nxd4 22. Bxh7+ Kh8 23. Qd2 Nxf3+ 24. Rxf3 Rxc1+ 25. Qxc1 Kxh7 26. Qc2+ Kg7 27. Rg3+ 1-0